000
00302nam a2200109Ia 4500
008
200302s9999 xx 000 0 und d
100
_a
Tom Cardamone
245
_a
Mechanical Color Separation Skills for the Commercial Artist
260
_b
Van Nostrand Renhold Company
260
_c
1980
300
_a
128 P.,
999
_c
101
_d
101